[Event "Gibraltar Chess Festival 2017 - Masters"]
[Site "Gibraltar ENG"]
[Date "2017.01.26"]
[Round "3.51"]
[White "Plotkin, Victor"]
[Black "Debashis, Das"]
[Result "0-1"]
[WhiteElo "2253"]
[BlackElo "2472"]
[PlyCount "114"]
[EventDate "2017.01.24"]
[EventType "swiss"]
[EventRounds "10"]
[EventCountry "ENG"]
[SourceTitle "Ajedrez en Madrid"]
[Source "lmi"]
[SourceDate "2017.01.24"]

1. e4 c5 2. c3 Nf6 3. e5 Nd5 4. d4 cxd4 5. Nf3 e6 6. cxd4 d6 7. Nc3 Nxc3 8.
bxc3 Qc7 9. Bd2 Nd7 10. exd6 Bxd6 11. Bd3 b6 12. O-O Bb7 13. Qe2 O-O 14. c4
Bxf3 15. Qxf3 Bxh2+ 16. Kh1 Bd6 17. g4 Rfe8 18. Kg2 Nf8 19. Rh1 Ng6 20. Rh3 h6
21. g5 Bf4 22. Bxg6 Bxd2 23. Be4 Rad8 24. gxh6 Bxh6 25. Bc6 Re7 26. Rh4 Rd6 27.
Be4 e5 28. d5 Rf6 29. Qg3 Kf8 30. Rd1 Rd7 31. Qa3+ Qd6 32. Qxd6+ Rfxd6 33. Bc2
Rc7 34. Ba4 Ke7 35. Re1 Kf6 36. Bc6 Bf4 37. Rh8 Kf5 38. Rb1 Ke4 39. Rb3 Kd4 40.
Bb5 e4 41. Ra3 Rg6+ 42. Kf1 Bd6 43. Re3 f5 44. Re8 Re7 45. Rxe7 Bxe7 46. Re1
Bc5 47. Rd1+ Ke5 48. Be8 Rh6 49. Kg2 Kf4 50. a4 a5 51. Rg1 g5 52. Rd1 g4 53.
Bd7 Kg5 54. Be6 f4 55. d6 f3+ 56. Kg1 g3 57. Rd5+ Kf6 0-1

[Event "Gibraltar Chess Festival 2017 - Masters"]
[Site "Gibraltar ENG"]
[Date "2017.01.26"]
[Round "3.53"]
[White "Pratyusha, Bodda"]
[Black "Paehtz, Elisabeth"]
[Result "0-1"]
[WhiteElo "2247"]
[BlackElo "2468"]
[PlyCount "60"]
[EventDate "2017.01.24"]
[EventType "swiss"]
[EventRounds "10"]
[EventCountry "ENG"]
[SourceTitle "Ajedrez en Madrid"]
[Source "lmi"]
[SourceDate "2017.01.24"]

1. d4 Nf6 2. c4 g6 3. Nc3 Bg7 4. e4 d6 5. Be2 O-O 6. Be3 Na6 7. g4 c5 8. d5 e6
9. g5 Nh5 10. Qd2 b5 11. cxb5 Nc7 12. dxe6 Bxe6 13. O-O-O a6 14. b6 Nb5 15.
Bxb5 axb5 16. Qxd6 Qc8 17. Nge2 b4 18. Nd5 Qa6 19. Kd2 Bxd5 20. exd5 Rac8 21.
Ke1 Rfe8 22. Rd2 Qb7 23. Bf4 Bf8 24. Qc7 Rxc7 25. Bxc7 Ng7 26. Rg1 Nf5 27. d6
Bxd6 28. Bxd6 Nxd6 29. Rxd6 Rxe2+ 30. Kxe2 Qe7+ 0-1

[Event "Gibraltar Chess Festival 2017 - Masters"]
[Site "Gibraltar ENG"]
[Date "2017.01.26"]
[Round "3.55"]
[White "Weisbuch, Udi"]
[Black "Javakhishvili, Lela"]
[Result "0-1"]
[WhiteElo "2240"]
[BlackElo "2455"]
[PlyCount "98"]
[EventDate "2017.01.24"]
[EventType "swiss"]
[EventRounds "10"]
[EventCountry "ENG"]
[SourceTitle "Ajedrez en Madrid"]
[Source "lmi"]
[SourceDate "2017.01.24"]

1. e4 c5 2. Nf3 e6 3. b3 b6 4. Bb2 Bb7 5. Qe2 d6 6. d4 cxd4 7. Nxd4 Nf6 8. Nc3
Nbd7 9. g4 Nc5 10. Bg2 e5 11. Nf5 g6 12. Ng3 Ne6 13. O-O-O Bh6+ 14. Kb1 Nd4 15.
Rxd4 exd4 16. Nb5 O-O 17. Rd1 Bg7 18. Nxd4 Re8 19. Nb5 Ba6 20. c4 Bxb5 21. cxb5
Rc8 22. f4 Qc7 23. h3 h6 24. Qd2 Red8 25. Rc1 Qe7 26. Rc6 Ne8 27. Ne2 Bxb2 28.
Kxb2 Rxc6 29. bxc6 Qf6+ 30. Nc3 g5 31. f5 Qe5 32. Bf1 Nf6 33. Ba6 d5 34. c7
Qxc7 35. exd5 Nxd5 36. Bc4 Nxc3 37. Qxc3 Qh2+ 38. Ka3 Qd6+ 39. Qb4 Kf8 40.
Qxd6+ Rxd6 41. Kb4 Ke7 42. Kb5 a5 43. Ka6 h5 44. gxh5 Rh6 45. Bf1 Kd8 46. Kb7
b5 47. Bxb5 Rxh5 48. Bc4 Rxh3 49. Bxf7 Rh7 0-1

[Event "Gibraltar Chess Festival 2017 - Masters"]
[Site "Gibraltar ENG"]
[Date "2017.01.26"]
[Round "3.56"]
[White "Damia, Angelo"]
[Black "Cheng, Bobby"]
[Result "0-1"]
[WhiteElo "2233"]
[BlackElo "2452"]
[PlyCount "92"]
[EventDate "2017.01.24"]
[EventType "swiss"]
[EventRounds "10"]
[EventCountry "ENG"]
[SourceTitle "Ajedrez en Madrid"]
[Source "lmi"]
[SourceDate "2017.01.24"]

1. e4 e6 2. d4 d5 3. Nc3 Nf6 4. e5 Nfd7 5. Nf3 c5 6. dxc5 Nc6 7. Bf4 Bxc5 8.
Bd3 Be7 9. h4 a6 10. Qe2 b5 11. h5 h6 12. Kf1 Nc5 13. Rh3 b4 14. Nb1 a5 15. Kg1
Nxd3 16. Qxd3 Qb6 17. Rg3 Ba6 18. Qd1 Kf8 19. Nbd2 a4 20. Nf1 Qb5 21. Nd4 Nxd4
22. Qxd4 Bc5 23. Qd2 Qe2 24. Be3 Be7 25. Qd4 Qc4 26. Qb6 Qb5 27. Qd4 Qc4 28.
Qb6 Kg8 29. b3 Qb5 30. Qd4 Rc8 31. bxa4 Qc4 32. Qb6 Rc6 33. Qa7 Rc7 34. Qb6 Rc6
35. Qa7 Rc7 36. Qb6 Kh7 37. Nd2 Qc6 38. a5 Qxb6 39. axb6 Rxc2 40. Nb3 Rb8 41.
Rg4 Be2 42. f3 Bd3 43. Rc1 Rxc1+ 44. Nxc1 Bf5 45. Rd4 Bc5 46. Nb3 Bxb6 0-1

[Event "Gibraltar Chess Festival 2017 - Masters"]
[Site "Gibraltar ENG"]
[Date "2017.01.26"]
[Round "3.57"]
[White "Khademalsharieh, Sarasadat"]
[Black "Serarols Mabras, Bernat"]
[Result "1/2-1/2"]
[WhiteElo "2452"]
[BlackElo "2242"]
[PlyCount "76"]
[EventDate "2017.01.24"]
[EventType "swiss"]
[EventRounds "10"]
[EventCountry "ENG"]
[SourceTitle "Ajedrez en Madrid"]
[Source "lmi"]
[SourceDate "2017.01.24"]

1. d4 Nf6 2. c4 e6 3. Nf3 d5 4. Nc3 Bb4 5. cxd5 exd5 6. Bf4 Ne4 7. Rc1 Nc6 8.
g3 Bf5 9. Qa4 O-O 10. Bg2 Qe7 11. O-O Nxc3 12. bxc3 Ba3 13. Rcd1 Bd6 14. Bxd6
Qxd6 15. c4 Be4 16. Nh4 Bxg2 17. Nxg2 Ne7 18. cxd5 Nxd5 19. Qb3 Nb6 20. e4 c6
21. Ne3 Rfe8 22. f3 Qe6 23. Qc2 Nd5 24. Ng2 Nb6 25. Rfe1 Qc4 26. Qf2 Rad8 27.
Rd2 Qb4 28. Nf4 Nc4 29. Rdd1 Qd6 30. Kg2 b5 31. Rd3 a5 32. d5 cxd5 33. Nxd5 Nb6
34. Red1 Nxd5 35. Rxd5 Qc7 36. Qe2 Rxd5 37. Rxd5 b4 38. Qd2 h6 1/2-1/2

[Event "Gibraltar Chess Festival 2017 - Masters"]
[Site "Gibraltar ENG"]
[Date "2017.01.26"]
[Round "3.58"]
[White "Heinemann, Josefine"]
[Black "Kantor, Gergely"]
[Result "0-1"]
[WhiteElo "2227"]
[BlackElo "2448"]
[PlyCount "150"]
[EventDate "2017.01.24"]
[EventType "swiss"]
[EventRounds "10"]
[EventCountry "ENG"]
[SourceTitle "Ajedrez en Madrid"]
[Source "lmi"]
[SourceDate "2017.01.24"]

1. e4 e5 2. Nf3 Nc6 3. Bc4 Bc5 4. O-O Nf6 5. d3 O-O 6. c3 d5 7. exd5 Nxd5 8. a4
Bf5 9. Re1 Nb6 10. Bb5 Ne7 11. a5 c6 12. axb6 cxb5 13. Be3 Bxe3 14. Rxe3 Qxb6
15. Rxe5 Rfe8 16. Na3 Bd7 17. Nd4 a6 18. Nac2 Qd6 19. Re1 Nd5 20. Qd2 Nf4 21.
Re3 Qh6 22. Rae1 Re5 23. Nf3 Qg6 24. g3 Rxe3 25. Rxe3 Nd5 26. Re5 Qf6 27. Ncd4
Ne7 28. h4 Nc6 29. Re1 b4 30. Nxc6 Bxc6 31. Ne5 bxc3 32. Qxc3 Bd5 33. Qc5 Rd8
34. Re3 h6 35. Qc7 Qd6 36. Qxd6 Rxd6 37. Nc4 Rc6 38. Re8+ Kh7 39. Kf1 Bxc4 40.
dxc4 Rxc4 41. Re3 Kg6 42. b3 Rc7 43. Kg2 Kf6 44. g4 Rc6 45. Kg3 Re6 46. Rc3 Re7
47. Kf4 g5+ 48. hxg5+ hxg5+ 49. Kf3 Re5 50. Rc7 Rb5 51. Rc3 Ke5 52. Ke3 b6 53.
Rd3 a5 54. Ke2 f6 55. Rc3 Rc5 56. Rf3 Rd5 57. Rc3 Rb5 58. Rd3 Rb4 59. f3 Rb5
60. Rc3 Kf4 61. Kf2 Rc5 62. Rd3 Rc2+ 63. Ke1 Rb2 64. Kd1 Kg3 65. Rd6 Rxb3 66.
Rxf6 a4 67. Kc2 Rxf3 68. Rxb6 Kxg4 69. Rb5 a3 70. Ra5 a2 71. Kb2 Rf5 72. Ra8
Kh3 73. Kxa2 g4 74. Rh8+ Kg2 75. Kb2 Rc5 0-1

[Event "Gibraltar Chess Festival 2017 - Masters"]
[Site "Gibraltar ENG"]
[Date "2017.01.26"]
[Round "3.59"]
[White "Zhukova, Natalia"]
[Black "Vea, Odin Blikra"]
[Result "1-0"]
[WhiteElo "2447"]
[BlackElo "2234"]
[PlyCount "65"]
[EventDate "2017.01.24"]
[EventType "swiss"]
[EventRounds "10"]
[EventCountry "ENG"]
[SourceTitle "Ajedrez en Madrid"]
[Source "lmi"]
[SourceDate "2017.01.24"]

1. d4 Nf6 2. c4 g6 3. Nc3 Bg7 4. e4 d6 5. f3 O-O 6. Bg5 c5 7. d5 e6 8. Qd2 h6
9. Be3 exd5 10. cxd5 a6 11. a4 Re8 12. Nge2 Nbd7 13. Nd1 Ne5 14. Nec3 Nh7 15.
Be2 f5 16. O-O g5 17. f4 Ng4 18. Bxg4 fxg4 19. e5 gxf4 20. Bxf4 Bxe5 21. Bxe5
Rxe5 22. Qxh6 Qe7 23. a5 Bd7 24. Nf2 Bf5 25. Ra4 Re1 26. Rf4 Rxf1+ 27. Kxf1 Re8
28. Nce4 Qe5 29. g3 Rd8 30. Nxg4 Bxg4 31. Rxg4+ Kh8 32. Rh4 Qf5+ 33. Rf4 1-0

[Event "Gibraltar Chess Festival 2017 - Masters"]
[Site "Gibraltar ENG"]
[Date "2017.01.26"]
[Round "3.60"]
[White "Womacka, Mathias"]
[Black "Bujnoch, Radek"]
[Result "1/2-1/2"]
[WhiteElo "2435"]
[BlackElo "2233"]
[PlyCount "77"]
[EventDate "2017.01.24"]
[EventType "swiss"]
[EventRounds "10"]
[EventCountry "ENG"]
[SourceTitle "Ajedrez en Madrid"]
[Source "lmi"]
[SourceDate "2017.01.24"]

1. e4 c5 2. Nf3 Nc6 3. d4 cxd4 4. Nxd4 Nf6 5. Nc3 e5 6. Ndb5 d6 7. Bg5 a6 8.
Na3 b5 9. Nd5 Be7 10. Bxf6 Bxf6 11. c3 Bg5 12. Nc2 Ne7 13. h4 Bh6 14. Ncb4 O-O
15. a4 bxa4 16. Qxa4 a5 17. Bb5 Nxd5 18. Nxd5 Be6 19. Bc6 Rb8 20. b4 Bxd5 21.
Bxd5 axb4 22. cxb4 Qb6 23. O-O Qxb4 24. Qxb4 Rxb4 25. Ra7 Bd2 26. Rfa1 Rbb8 27.
Re7 Bb4 28. Raa7 Bc5 29. Rad7 Kh8 30. h5 Rb2 31. Rxf7 Rxf2 32. Rxf2 Rxf2 33.
Kh2 g6 34. hxg6 hxg6 35. Kh3 Rf6 36. Kg4 Be3 37. g3 Bd2 38. Rc7 Bh6 39. Rd7
1/2-1/2

[Event "Gibraltar Chess Festival 2017 - Masters"]
[Site "Gibraltar ENG"]
[Date "2017.01.26"]
[Round "3.61"]
[White "Gluckman, David"]
[Black "Khotenashvili, Bela"]
[Result "0-1"]
[WhiteElo "2215"]
[BlackElo "2430"]
[PlyCount "114"]
[EventDate "2017.01.24"]
[EventType "swiss"]
[EventRounds "10"]
[EventCountry "ENG"]
[SourceTitle "Ajedrez en Madrid"]
[Source "lmi"]
[SourceDate "2017.01.24"]

1. e4 c6 2. Nc3 d5 3. Nf3 Nf6 4. e5 Ne4 5. Qe2 Nxc3 6. dxc3 Bg4 7. h3 Bxf3 8.
gxf3 e6 9. Bd2 Nd7 10. f4 g6 11. c4 Be7 12. cxd5 cxd5 13. O-O-O Qc7 14. Kb1 Qc6
15. h4 h5 16. Rh3 Nb6 17. Qe1 Rc8 18. Rc1 Qd7 19. Bb4 Nc4 20. Bxe7 Qxe7 21. b3
Nb6 22. Bb5+ Kf8 23. Qd2 Qc5 24. Bd3 Qc3 25. Qxc3 Rxc3 26. Kb2 Rc7 27. Rg3 Ke7
28. Re1 Rhc8 29. Re2 a6 30. Rg5 Nd7 31. Rg3 b5 32. Rd2 Nb6 33. Bf1 Rc5 34. Rgd3
b4 35. Rd4 a5 36. Bd3 Rb8 37. a3 Nc8 38. axb4 axb4 39. Rd1 Na7 40. Bf1 Nc6 41.
R4d2 Ra8 42. Ra1 Rxa1 43. Kxa1 Rc3 44. Bb5 Kd7 45. Kb2 Rh3 46. Rd4 Rxh4 47.
Rxb4 Kc7 48. Ra4 Kb6 49. Bxc6 Kxc6 50. Kc3 g5 51. Kd3 Rxf4 52. Rxf4 gxf4 53.
Ke2 h4 54. Kf1 d4 55. Kg2 Kc5 56. Kh3 Kb4 57. Kxh4 Kc3 0-1

[Event "Gibraltar Chess Festival 2017 - Masters"]
[Site "Gibraltar ENG"]
[Date "2017.01.26"]
[Round "3.62"]
[White "Verneuil, Pascal"]
[Black "Wemmers, Xander"]
[Result "1/2-1/2"]
[WhiteElo "2215"]
[BlackElo "2424"]
[PlyCount "125"]
[EventDate "2017.01.24"]
[EventType "swiss"]
[EventRounds "10"]
[EventCountry "ENG"]
[SourceTitle "Ajedrez en Madrid"]
[Source "lmi"]
[SourceDate "2017.01.24"]

1. e4 e5 2. Nf3 Nc6 3. Bb5 a6 4. Ba4 Nf6 5. d3 d6 6. c4 g6 7. h3 Bg7 8. O-O O-O
9. Bxc6 bxc6 10. Nc3 Nd7 11. Bg5 f6 12. Bh4 c5 13. Ne1 Rf7 14. Nc2 Rb8 15. Rb1
Nf8 16. b4 Ne6 17. f3 c6 18. a4 cxb4 19. Nxb4 Rfb7 20. Nba2 Rxb1 21. Nxb1 d5
22. exd5 cxd5 23. Nbc3 d4 24. Ne4 Qf8 25. Qc2 f5 26. Nd2 Bd7 27. Rb1 Nc5 28.
Rb4 Bh6 29. Be7 Be3+ 30. Kh1 Qxe7 31. Rxb8+ Kg7 32. Nf1 f4 33. Nb4 Qh4 34. Qe2
a5 35. Nc2 Bf5 36. Nfxe3 fxe3 37. Nxe3 dxe3 38. Qxe3 Qd4 39. Qg5 Qd6 40. Rb5 h6
41. Qe3 Nd7 42. Rxa5 h5 43. Rd5 Qa3 44. a5 Kf7 45. f4 e4 46. a6 Qxa6 47. Qd4
Qb7 48. dxe4 Be6 49. Rd6 Ke7 50. f5 gxf5 51. exf5 Qb1+ 52. Kh2 Qxf5 53. Kh1
Qb1+ 54. Kh2 Qb8 55. c5 Qc7 56. Qg7+ Bf7 57. Kh1 Nxc5 58. Qe5+ Be6 59. Rd5 Qxe5
60. Rxe5 Nd3 61. Rxh5 Kf6 62. Ra5 Nf4 63. Ra6 1/2-1/2

[Event "Gibraltar Chess Festival 2017 - Masters"]
[Site "Gibraltar ENG"]
[Date "2017.01.26"]
[Round "3.63"]
[White "Sundararajan, Kidambi"]
[Black "Pinho, Paulo"]
[Result "1/2-1/2"]
[WhiteElo "2420"]
[BlackElo "2220"]
[PlyCount "83"]
[EventDate "2017.01.24"]
[EventType "swiss"]
[EventRounds "10"]
[EventCountry "ENG"]
[SourceTitle "Ajedrez en Madrid"]
[Source "lmi"]
[SourceDate "2017.01.24"]

1. Nf3 c5 2. c4 Nf6 3. Nc3 e6 4. e3 Be7 5. d4 cxd4 6. exd4 d5 7. cxd5 Nxd5 8.
Bd3 O-O 9. O-O Nc6 10. Re1 Bf6 11. Be4 b6 12. Nxd5 exd5 13. Bxh7+ Kxh7 14. Qc2+
Kg8 15. Qxc6 Bf5 16. Bf4 Be4 17. Ne5 Bg5 18. Qc1 Bh4 19. Qd2 Rc8 20. Rac1 Re8
21. Rxc8 Qxc8 22. Bg3 Bd8 23. h3 Qa6 24. Ng4 f6 25. b3 Be7 26. f3 Bg6 27. h4
Qa3 28. Qf4 Qxa2 29. Qc7 Qa3 30. Qd7 Bf7 31. Kh2 a5 32. h5 Bxh5 33. Qxd5+ Bf7
34. Qd7 Qb4 35. d5 f5 36. Qxf5 Rd8 37. Ne5 Bxd5 38. Ng6 Bf6 39. Qh5 Bxb3 40.
Qh8+ Kf7 41. Qh5 Kg8 42. Qh8+ 1/2-1/2

[Event "Gibraltar Chess Festival 2017 - Masters"]
[Site "Gibraltar ENG"]
[Date "2017.01.26"]
[Round "3.64"]
[White "Baert, Andy"]
[Black "Karavade, Eesha"]
[Result "1/2-1/2"]
[WhiteElo "2210"]
[BlackElo "2418"]
[PlyCount "29"]
[EventDate "2017.01.24"]
[EventType "swiss"]
[EventRounds "10"]
[EventCountry "ENG"]
[SourceTitle "Ajedrez en Madrid"]
[Source "lmi"]
[SourceDate "2017.01.24"]

1. d4 e6 2. c4 Bb4+ 3. Nc3 b6 4. e4 Bb7 5. Bd3 f5 6. f3 Nh6 7. h4 fxe4 8. fxe4
O-O 9. Qh5 Qf6 10. Nf3 Qf7 11. Qg5 Bd6 12. Nb5 Bb4+ 13. Nc3 Bd6 14. Nb5 Bb4+
15. Nc3 1/2-1/2

[Event "Gibraltar Chess Festival 2017 - Masters"]
[Site "Gibraltar ENG"]
[Date "2017.01.26"]
[Round "3.65"]
[White "Kuipers, Stefan"]
[Black "Tscharotschkin, Michael"]
[Result "1-0"]
[WhiteElo "2414"]
[BlackElo "2190"]
[PlyCount "123"]
[EventDate "2017.01.24"]
[EventType "swiss"]
[EventRounds "10"]
[EventCountry "ENG"]
[SourceTitle "Ajedrez en Madrid"]
[Source "lmi"]
[SourceDate "2017.01.24"]

1. e4 e6 2. d4 d5 3. Nc3 Bb4 4. Nge2 dxe4 5. a3 Bxc3+ 6. Nxc3 Nc6 7. Bb5 Nge7
8. Be3 O-O 9. Qd2 e5 10. dxe5 Qxd2+ 11. Bxd2 Nxe5 12. Nxe4 Bf5 13. f3 c6 14.
Be2 Bxe4 15. fxe4 f5 16. Bc3 N7g6 17. exf5 Rxf5 18. O-O-O Nf4 19. Rhe1 Nd5 20.
Bd4 h5 21. Bxh5 Rxh5 22. Bxe5 Re8 23. Bg3 Rxe1 24. Rxe1 Kf7 25. c4 Ne7 26. Kd2
a6 27. Kc3 b5 28. b3 Nf5 29. Bc7 g6 30. Re4 Ng7 31. Kb4 Ne6 32. Bd6 Rf5 33. Re3
a5+ 34. Kc3 Rg5 35. Rf3+ Ke8 36. Rg3 Rxg3+ 37. Bxg3 Kd7 38. Be5 Nc5 39. Bd4
Ne4+ 40. Kd3 Nd6 41. cxb5 cxb5 42. g4 Ke6 43. h4 a4 44. bxa4 bxa4 45. Bb2 Nf7
46. Bg7 Nd6 47. Bf8 Ne8 48. Ke4 Nf6+ 49. Kf4 Kf7 50. Bc5 g5+ 51. hxg5 Nd7 52.
Be3 Ke6 53. Bd4 Nf8 54. Ke4 Ng6 55. Bf6 Nh4 56. Be5 Ng6 57. Bg3 Ne7 58. Kd4 Kf7
59. Kc5 Kg6 60. Bf4 Kf7 61. Kb5 Nd5 62. Bd2 1-0

[Event "Gibraltar Chess Festival 2017 - Masters"]
[Site "Gibraltar ENG"]
[Date "2017.01.26"]
[Round "3.66"]
[White "Vega Gutierrez, Sabrina"]
[Black "Aroven, Mikael"]
[Result "1-0"]
[WhiteElo "2406"]
[BlackElo "2172"]
[PlyCount "55"]
[EventDate "2017.01.24"]
[EventType "swiss"]
[EventRounds "10"]
[EventCountry "ENG"]
[SourceTitle "Ajedrez en Madrid"]
[Source "lmi"]
[SourceDate "2017.01.24"]

1. e4 d6 2. d4 Nf6 3. Nc3 e5 4. Nge2 Be7 5. f3 Nbd7 6. Be3 a6 7. Qd2 b5 8. g4
b4 9. Na4 c5 10. dxc5 dxc5 11. Ng3 Qa5 12. b3 Nb6 13. Nxb6 Qxb6 14. g5 Nd7 15.
Nf5 g6 16. Nxe7 Kxe7 17. Bc4 Bb7 18. Rd1 Rad8 19. Qf2 Rc8 20. Bxf7 Kxf7 21.
Rxd7+ Ke6 22. Rd1 Ke7 23. O-O Qc7 24. Rd2 Rhf8 25. Rfd1 Ke6 26. Qh4 Rcd8 27.
Qh3+ Ke7 28. Rxd8 1-0

[Event "Gibraltar Chess Festival 2017 - Masters"]
[Site "Gibraltar ENG"]
[Date "2017.01.26"]
[Round "3.67"]
[White "Guerra Rivera, Salvador"]
[Black "Alberto, Manuel"]
[Result "1/2-1/2"]
[WhiteElo "2389"]
[BlackElo "2168"]
[PlyCount "132"]
[EventDate "2017.01.24"]
[EventType "swiss"]
[EventRounds "10"]
[EventCountry "ENG"]
[SourceTitle "Ajedrez en Madrid"]
[Source "lmi"]
[SourceDate "2017.01.24"]

1. e4 e5 2. Nf3 Nc6 3. Bb5 Nf6 4. O-O Nxe4 5. Re1 Nd6 6. Nxe5 Be7 7. Bd3 h6 8.
Qe2 Nd4 9. Qg4 Ne6 10. Nc3 O-O 11. Nd5 Bf6 12. b3 Bxe5 13. Rxe5 f5 14. Qh3 Nf7
15. Rxf5 d6 16. Qg3 Ne5 17. Rxf8+ Qxf8 18. Bf1 c6 19. Ne3 Qf4 20. Bb2 Qxg3 21.
hxg3 Nf7 22. Re1 Bd7 23. c4 Nf8 24. d4 Re8 25. Rd1 Ng6 26. Bd3 Ne7 27. Ba3 b6
28. f3 Nc8 29. Kf2 Ne7 30. Re1 Kf8 31. f4 c5 32. dxc5 bxc5 33. Rd1 g5 34. Bc2
Be6 35. Bb2 Nc6 36. Bg6 Bc8 37. Bxf7 Kxf7 38. Rxd6 Re6 39. Rd5 Nb4 40. Rd8 Re8
41. Rxe8 Kxe8 42. Bg7 gxf4 43. gxf4 h5 44. a3 Nd3+ 45. Kf3 Bb7+ 46. Nd5 Kf7 47.
Bc3 Ke6 48. Ke3 Nc1 49. b4 Bxd5 50. cxd5+ Kxd5 51. bxc5 Nb3 52. f5 Nxc5 53. Kf4
a6 54. Bg7 Ne4 55. f6 Nd6 56. Kg5 Ke6 57. Kxh5 Nc4 58. g4 Kf7 59. g5 Ne5 60.
Bh6 Nd7 61. Bg7 Ne5 62. a4 a5 63. Kh4 Kg6 64. Bh6 Nd7 65. Kg4 Nxf6+ 66. Kf3 Nd5
1/2-1/2

[Event "Gibraltar Chess Festival 2017 - Masters"]
[Site "Gibraltar ENG"]
[Date "2017.01.26"]
[Round "3.68"]
[White "Derakhshani, Borna"]
[Black "Milliet, Sophie"]
[Result "1/2-1/2"]
[WhiteElo "2195"]
[BlackElo "2387"]
[PlyCount "166"]
[EventDate "2017.01.24"]
[EventType "swiss"]
[EventRounds "10"]
[EventCountry "ENG"]
[SourceTitle "Ajedrez en Madrid"]
[Source "lmi"]
[SourceDate "2017.01.24"]

1. d4 Nf6 2. Bf4 e6 3. e3 c5 4. c3 Be7 5. Nd2 b6 6. Bd3 Ba6 7. Bxa6 Nxa6 8. Ne2
O-O 9. Bg5 cxd4 10. cxd4 Nb4 11. O-O Rc8 12. Bxf6 Bxf6 13. Ne4 Be7 14. N4c3 d5
15. f3 Bd6 16. e4 dxe4 17. fxe4 Nc6 18. e5 Be7 19. Rf4 Rc7 20. Kh1 Rd7 21. Qa4
Nb4 22. a3 Nd5 23. Nxd5 Rxd5 24. Nc3 Rd7 25. Raf1 Bg5 26. Rg4 f5 27. exf6 Rxf6
28. Rf3 Rxf3 29. gxf3 Bf6 30. Qc4 Rxd4 31. Qxe6+ Kf8 32. Ne4 Qc7 33. Rg1 Qf4
34. Qh3 Rd3 35. Nxf6 Qxf6 36. Rf1 Kg8 37. Rf2 h6 38. Kg2 Rd5 39. Qc8+ Kh7 40.
Qc2+ Qg6+ 41. Qxg6+ Kxg6 42. Rc2 Rd7 43. Kg3 Kf5 44. h4 g6 45. Rc4 Rd2 46. Rf4+
Ke6 47. Re4+ Kf6 48. Rf4+ Kg7 49. Rb4 Rc2 50. a4 Kf6 51. Rf4+ Ke5 52. Re4+ Kd5
53. Rg4 Rc6 54. h5 gxh5 55. Rh4 Rg6+ 56. Kf2 Rg5 57. Ke3 Ke6 58. b4 Kf6 59. Rc4
Rg7 60. Kf4 Kg6 61. Rc6+ Kh7 62. a5 bxa5 63. bxa5 h4 64. Rc2 h3 65. Rh2 Rg5 66.
a6 Ra5 67. Rxh3 Rxa6 68. Rh1 Rf6+ 69. Ke4 a5 70. Ra1 Ra6 71. Ra4 Kg6 72. Ke5 h5
73. f4 h4 74. f5+ Kg5 75. Ra1 h3 76. Rg1+ Kh4 77. f6 h2 78. Rg8 Ra7 79. Rh8+
Kg3 80. Rg8+ Kf2 81. Rh8 Kg2 82. Rg8+ Kf2 83. Rh8 Kg2 1/2-1/2

[Event "Gibraltar Chess Festival 2017 - Masters"]
[Site "Gibraltar ENG"]
[Date "2017.01.26"]
[Round "3.69"]
[White "Ladron De Guevara Pinto, Paolo"]
[Black "Bopp, Thomas"]
[Result "1-0"]
[WhiteElo "2386"]
[BlackElo "2157"]
[PlyCount "49"]
[EventDate "2017.01.24"]
[EventType "swiss"]
[EventRounds "10"]
[EventCountry "ENG"]
[SourceTitle "Ajedrez en Madrid"]
[Source "lmi"]
[SourceDate "2017.01.24"]

1. e4 c6 2. d4 d5 3. e5 Bf5 4. h4 h5 5. Bd3 Bxd3 6. Qxd3 Qa5+ 7. Bd2 Qa6 8. e6
Qxd3 9. exf7+ Kxf7 10. cxd3 Nh6 11. Nf3 Nf5 12. Nc3 Nd7 13. O-O-O g6 14. Rde1
Bg7 15. Ng5+ Kg8 16. Ne2 Bf6 17. g3 Rc8 18. Kb1 Kg7 19. Bc3 Bxg5 20. hxg5 Kf7
21. Nf4 Rce8 22. Re2 Nxd4 23. Bxd4 e5 24. Rhe1 exd4 25. Nxg6 1-0

[Event "Gibraltar Chess Festival 2017 - Masters"]
[Site "Gibraltar ENG"]
[Date "2017.01.26"]
[Round "3.70"]
[White "Herman, Matthew J"]
[Black "Seyfried, Claus"]
[Result "1-0"]
[WhiteElo "2383"]
[BlackElo "2152"]
[PlyCount "127"]
[EventDate "2017.01.24"]
[EventType "swiss"]
[EventRounds "10"]
[EventCountry "ENG"]
[SourceTitle "Ajedrez en Madrid"]
[Source "lmi"]
[SourceDate "2017.01.24"]

1. d4 d5 2. Nf3 c6 3. c4 e6 4. g3 Nf6 5. Bg2 dxc4 6. O-O Nbd7 7. Nbd2 b5 8. a4
Bb7 9. Qc2 Be7 10. b3 cxb3 11. Nxb3 O-O 12. Bd2 Rc8 13. Qb2 b4 14. Ne1 a5 15.
Nd3 Ba6 16. Rfc1 Bxd3 17. exd3 Nd5 18. Rc2 Qb6 19. Qc1 Rc7 20. Raa2 Rfc8 21.
Rc4 Bd6 22. Nc5 N7f6 23. Rac2 Be7 24. Qe1 Qa7 25. Rc1 Nb6 26. R4c2 Bxc5 27.
dxc5 Nbd5 28. Rc4 Rb7 29. Bf3 Qb8 30. Kg2 Qc7 31. h4 Nd7 32. Re4 N5f6 33. Re2
Nf8 34. h5 h6 35. Bf4 Qd8 36. Be5 N8d7 37. Bb2 Nf8 38. Re3 Rd7 39. Qe2 N8h7 40.
Kg1 Nd5 41. Re5 Kf8 42. Rc4 Ng5 43. Bg2 f6 44. Rxe6 Nxe6 45. Qxe6 Qe7 46. Qf5
Re8 47. Be4 Qf7 48. g4 Rde7 49. Qf3 Rb8 50. Bg6 Re1+ 51. Kg2 Qc7 52. Rd4 Rb1
53. Rxd5 cxd5 54. Bd4 Qc6 55. g5 hxg5 56. h6 gxh6 57. Bxf6 Kg8 58. Bh7+ Kf8 59.
Be5+ Ke8 60. Bd6 Kd8 61. Qf6+ Kc8 62. Qf8+ Kb7 63. Qxb8+ Ka6 64. Bf5 1-0

[Event "Gibraltar Chess Festival 2017 - Masters"]
[Site "Gibraltar ENG"]
[Date "2017.01.26"]
[Round "3.71"]
[White "Osuna Vega, Enrique"]
[Black "Jessel, Stephen"]
[Result "0-1"]
[WhiteElo "2181"]
[BlackElo "2382"]
[PlyCount "94"]
[EventDate "2017.01.24"]
[EventType "swiss"]
[EventRounds "10"]
[EventCountry "ENG"]
[SourceTitle "Ajedrez en Madrid"]
[Source "lmi"]
[SourceDate "2017.01.24"]

1. e4 e6 2. d4 d5 3. Nc3 Nf6 4. e5 Nfd7 5. f4 c5 6. Nf3 Nc6 7. Be3 cxd4 8. Nxd4
Bc5 9. Qd2 O-O 10. Qf2 Bb4 11. Bd3 Nc5 12. O-O Nxd3 13. cxd3 f6 14. Qg3 Bd7 15.
Rac1 fxe5 16. fxe5 Nxd4 17. Bxd4 Be8 18. Qh3 Qd7 19. Ne2 Bg6 20. Rxf8+ Rxf8 21.
Bxa7 Bd2 22. Rd1 Qa4 23. Rxd2 Qxa7+ 24. d4 Qxa2 25. Qc3 Qb1+ 26. Qc1 Qe4 27. h3
Qe3+ 28. Kh2 h5 29. Qc3 Qf2 30. Qg3 Be4 31. h4 Rf3 32. Qg5 Re3 33. Nf4 Qxd2 34.
Nxe6 Qxg2+ 35. Qxg2 Bxg2 36. Kxg2 Rb3 37. Kf2 Rxb2+ 38. Ke3 Rh2 39. Nf4 Rxh4
40. Nxd5 Kf7 41. Nc7 Ke7 42. d5 Rc4 43. Ne6 g6 44. Nf4 Rxf4 45. Kxf4 h4 46. Kg4
g5 47. d6+ Ke6 0-1

[Event "Gibraltar Chess Festival 2017 - Masters"]
[Site "Gibraltar ENG"]
[Date "2017.01.26"]
[Round "3.72"]
[White "Veltkamp, Gerben"]
[Black "Henderson De La Fuente, Lance"]
[Result "0-1"]
[WhiteElo "2166"]
[BlackElo "2380"]
[PlyCount "46"]
[EventDate "2017.01.24"]
[EventType "swiss"]
[EventRounds "10"]
[EventCountry "ENG"]
[SourceTitle "Ajedrez en Madrid"]
[Source "lmi"]
[SourceDate "2017.01.24"]

1. e4 e5 2. f4 d5 3. exd5 exf4 4. Nf3 Nf6 5. c4 c6 6. d4 cxd5 7. Bxf4 Bb4+ 8.
Nc3 O-O 9. Qb3 Nc6 10. O-O-O dxc4 11. Bxc4 Bxc3 12. Ne5 Na5 13. Bxf7+ Kh8 14.
Qxc3 Bf5 15. g4 Be4 16. Be6 Nd5 17. Qc5 Qf6 18. Bf5 Bxf5 19. Qxd5 Rac8+ 20. Kd2
Be6 21. Qxa5 Qxf4+ 22. Kd3 Rfd8 23. Qxa7 Qxe5 0-1